Online katalóg knižníc regiónu Turca

Veľké zlé mesto (Record no. 20730)

MARC details
000 -LEADER
fixed length control field 01443cam a2200409 a 4500
001 - CONTROL NUMBER
control field 20730
003 - CONTROL NUMBER IDENTIFIER
control field VRT
005 - DATE AND TIME OF LATEST TRANSACTION
control field 20260130144554.0
008 - FIXED-LENGTH DATA ELEMENTS--GENERAL INFORMATION
fixed length control field 240226s1999 xo r 000 f slo
015 ## - NATIONAL BIBLIOGRAPHY NUMBER
National bibliography number SNBA2000/01-00073
020 ## - INTERNATIONAL STANDARD BOOK NUMBER
International Standard Book Number 8022009652
035 ## - SYSTEM CONTROL NUMBER
System control number SNK000325385
035 ## - SYSTEM CONTROL NUMBER
System control number urn:nbn:sk:snk-amkjzb
035 ## - SYSTEM CONTROL NUMBER
System control number urn:nbn:sk:snk-am003ajy
035 ## - SYSTEM CONTROL NUMBER
System control number 7A12C16E-51EE-4DF8-AB95-264BC5D6D985
039 #9 - LEVEL OF BIBLIOGRAPHIC CONTROL AND CODING DETAIL [OBSOLETE]
Level of rules in bibliographic description 202402261956
Level of effort used to assign nonsubject heading access points VLOAD
Level of effort used to assign subject headings 202205120802
Level of effort used to assign classification VLOAD
Level of effort used to assign subject headings 202101091245
Level of effort used to assign classification csnk01
Level of effort used to assign subject headings 202101091226
Level of effort used to assign classification csnk01
040 ## - CATALOGING SOURCE
Original cataloging agency SNK
Language of cataloging slo
Original cataloging agency SNK
Description conventions AACR2
041 1# - LANGUAGE CODE
Language code of text/sound track or separate title slo
Language code of original eng
044 ## - COUNTRY OF PUBLISHING/PRODUCING ENTITY CODE
MARC country code xo
ISO country code SK
080 ## - UNIVERSAL DECIMAL CLASSIFICATION NUMBER
Universal Decimal Classification number 820 (73)-3
Edition identifier 1981
100 1# - MAIN ENTRY--PERSONAL NAME
Personal name McBain, Ed,
Dates associated with a name 1926-2005
Relationship aut
240 14 - UNIFORM TITLE
Uniform title The big bad city
Language of a work Slovensky
245 10 - TITLE STATEMENT
Title Veľké zlé mesto
Statement of responsibility, etc. Ed McBain ; [z anglického originálu The big bad city ... preložila Miroslava Staszová]
260 ## - PUBLICATION, DISTRIBUTION, ETC.
Place of publication, distribution, etc. Bratislava
Name of publisher, distributor, etc. Slovenský spisovateľ
Date of publication, distribution, etc. 1999
300 ## - PHYSICAL DESCRIPTION
Extent 202 s.
Dimensions 21 cm
490 1# - SERIES STATEMENT
Series statement Zelená knižnica
655 #7 - INDEX TERM--GENRE/FORM
Genre/form data or focus term americké romány
Source of term SNKPH
655 #7 - INDEX TERM--GENRE/FORM
Genre/form data or focus term detektívne romány
Source of term SNKPH
700 1# - ADDED ENTRY--PERSONAL NAME
Personal name Staszová, Miroslava,
Dates associated with a name 1952-
Relationship trl
830 #0 - SERIES ADDED ENTRY--UNIFORM TITLE
Uniform title Zelená knižnica
910 ## - USER-OPTION DATA (OCLC)
User-option data snk
942 ## - ADDED ENTRY ELEMENTS (KOHA)
Source of classification or shelving scheme Dewey Decimal Classification
Koha item type Krásna literatúra pre dospelých
Suppress in OPAC No
949 ## - LOCAL PROCESSING INFORMATION (OCLC)
6 273K0107252
a svkpoA 175406
b svkpo436583
949 ## - LOCAL PROCESSING INFORMATION (OCLC)
6 2889746392
a savukPV 2343
949 ## - LOCAL PROCESSING INFORMATION (OCLC)
6 17A0208465
9 P60, <03>, [BOOK], {603}
a snkSC 99520
b snkKSP 8877/99
s 6100:20140925
949 ## - LOCAL PROCESSING INFORMATION (OCLC)
6 17A0208466
9 P60, <05>, [BOOK], {605}
a snkSC 99520 D1
b snkKSP 8878/99
Holdings
Stav vyradenia Strata Poškodenie Spôsob nadobudnutia Domovská knižnica Aktuálna knižnica Dátum nadobudnutia Total checkouts Čiarový kód exemplára Date last seen Typ exemplára
      Dar Obecná knižnica Horná Štubňa Obecná knižnica Horná Štubňa 30.01.2026   9788022009652 30.01.2026 Krásna literatúra pre dospelých
Projekt je podporený Slovenskou asociáciou knižníc
Prevádzkuje Turčianska knižnica Martin 2026